Nový pohľad na princípy skupinovej technológie pri profilácii pružných výrobných buniek
Myšlienka skupinovej technológie. Motivačné aspekty pre bunkovú výrobu. Metodický rámec navrhovania výrobných buniek.
Salvato in:
| Autore principale: | |
|---|---|
| Altri autori: | , , |
| Natura: | Capitolo di libro |
| Lingua: | slovacco |
| Soggetti: | |
| Tags: |
Nessun Tag, puoi essere il primo ad aggiungerne!!
|
MARC
| LEADER | 00000naa a2200000 4500 | ||
|---|---|---|---|
| 001 | 0277954 | ||
| 005 | 20230824110600.7 | ||
| 041 | 0 | |a slo | |
| 044 | |a SK | ||
| 245 | 1 | 0 | |a Nový pohľad na princípy skupinovej technológie pri profilácii pružných výrobných buniek |c Mikuláš Hajduk, Marcela Klobušická, Andrej Rusnák, Naqibullah Daneshjo |
| 520 | |a Myšlienka skupinovej technológie. Motivačné aspekty pre bunkovú výrobu. Metodický rámec navrhovania výrobných buniek. | ||
| 610 | 2 | 0 | |a technológie nové |
| 610 | 2 | 0 | |a štruktúra výroby |
| 610 | 2 | 0 | |a systémy výrobné |
| 610 | 2 | 0 | |a proces výrobný |
| 100 | 1 | |a Hajduk, Mikuláš | |
| 700 | 1 | |a Klobušická, Marcela | |
| 700 | 1 | |a Rusnák, Andrej | |
| 700 | 1 | |a Daneshjo, Naqibullah, 1964- | |